Advanced Handbook of Systemic Lupus Erythematosus

This book will provide an introduction to the epidemiology, etiology and pathogenesis of the condition while also exploring the classification, diagnosis, and current and emerging therapies for systemic lupus erythematosus. Systemic lupus erythematosus is an autoimmune disease in which the body'...

Full description

Bibliographic Details
Main Authors: Arnaud, Laurent (Author, http://id.loc.gov/vocabulary/relators/aut), van Vollenhoven, Ronald (http://id.loc.gov/vocabulary/relators/aut)
Corporate Author: SpringerLink (Online service)
Format: Electronic eBook
Language:English
Published: Cham : Springer International Publishing : Imprint: Adis, 2018.
Edition:1st ed. 2018.
Subjects:
Online Access:Full Text via HEAL-Link
LEADER 02985nam a2200505 4500
001 978-3-319-43035-5
003 DE-He213
005 20191024002152.0
007 cr nn 008mamaa
008 170911s2018 gw | s |||| 0|eng d
020 |a 9783319430355  |9 978-3-319-43035-5 
024 7 |a 10.1007/978-3-319-43035-5  |2 doi 
040 |d GrThAP 
050 4 |a RC927-927.5 
072 7 |a MJM  |2 bicssc 
072 7 |a MED083000  |2 bisacsh 
072 7 |a MJM  |2 thema 
082 0 4 |a 616.723  |2 23 
100 1 |a Arnaud, Laurent.  |e author.  |4 aut  |4 http://id.loc.gov/vocabulary/relators/aut 
245 1 0 |a Advanced Handbook of Systemic Lupus Erythematosus  |h [electronic resource] /  |c by Laurent Arnaud, Ronald van Vollenhoven. 
250 |a 1st ed. 2018. 
264 1 |a Cham :  |b Springer International Publishing :  |b Imprint: Adis,  |c 2018. 
300 |a XVI, 167 p. 25 illus., 20 illus. in color.  |b online resource. 
336 |a text  |b txt  |2 rdacontent 
337 |a computer  |b c  |2 rdamedia 
338 |a online resource  |b cr  |2 rdacarrier 
347 |a text file  |b PDF  |2 rda 
505 0 |a Introduction -- Disease classification -- Disease manifestation -- Diagnosis -- Treatments -- Therapies in late-stage clinical development -- Specific issues -- Outcome, prognosis, and perspectives. 
520 |a This book will provide an introduction to the epidemiology, etiology and pathogenesis of the condition while also exploring the classification, diagnosis, and current and emerging therapies for systemic lupus erythematosus. Systemic lupus erythematosus is an autoimmune disease in which the body's immune system mistakenly attacks healthy tissue. It can affect the skin, joints, kidneys, brain, and other organs. The underlying cause of the disease is not fully known, and SLE is much more common in women than in men. It may occur at any age but most often occurs in people between 10 and 50 years of age. This is the second Adis title from Ronald F van Vollenhoven, who previously authored Biologics for the Treatment of Rheumatoid Arthritis. 
650 0 |a Rheumatology. 
650 0 |a General practice (Medicine). 
650 0 |a Public health. 
650 0 |a Immunology. 
650 1 4 |a Rheumatology.  |0 http://scigraph.springernature.com/things/product-market-codes/H33170 
650 2 4 |a General Practice / Family Medicine.  |0 http://scigraph.springernature.com/things/product-market-codes/H24003 
650 2 4 |a Public Health.  |0 http://scigraph.springernature.com/things/product-market-codes/H27002 
650 2 4 |a Immunology.  |0 http://scigraph.springernature.com/things/product-market-codes/B14000 
700 1 |a van Vollenhoven, Ronald.  |e author.  |4 aut  |4 http://id.loc.gov/vocabulary/relators/aut 
710 2 |a SpringerLink (Online service) 
773 0 |t Springer eBooks 
776 0 8 |i Printed edition:  |z 9783319430348 
776 0 8 |i Printed edition:  |z 9783319430362 
856 4 0 |u https://doi.org/10.1007/978-3-319-43035-5  |z Full Text via HEAL-Link 
912 |a ZDB-2-SME 
950 |a Medicine (Springer-11650)